| 000 | 00591nam a22002297a 4500 | ||
|---|---|---|---|
| 001 | 46910 | ||
| 003 | UA-OsUOA | ||
| 005 | 20211014213509.0 | ||
| 007 | ta | ||
| 008 | 20070709b un ||||| |||| 00| 0 ukr d | ||
| 040 |
_aUA-OsUOA _brus _cUA-OsUOA _dUA-OsUOA |
||
| 041 | _arus | ||
| 080 | _a78(470+571) | ||
| 090 |
_a78(470+571) _bК34 |
||
| 100 | _aКелдыш Ю. | ||
| 245 | _aОчерки и исследования по истории русской музыки | ||
| 260 |
_aМ. _c1978 |
||
| 300 | _a510 с. | ||
| 650 | 7 |
_a94 Історія _2UDC |
|
| 942 |
_cBK _2udc |
||
| 955 | _a2 | ||
| 999 |
_c332992 _d332992 |
||